The art heritage of Nalanda / (Record no. 7587)

000 -LEADER
fixed length control field 01349cam a2200373 i 4500
003 - CONTROL NUMBER IDENTIFIER
control field OSt
005 - DATE AND TIME OF LATEST TRANSACTION
control field 20200316161804.0
008 - FIXED-LENGTH DATA ELEMENTS--GENERAL INFORMATION
fixed length control field 180525s2018 ii ab b 000 0 eng d
020 ## - INTERNATIONAL STANDARD BOOK NUMBER
International Standard Book Number 9789380852898
Qualifying information (hardback)
025 ## - OVERSEAS ACQUISITION NUMBER
Overseas acquisition number I-E-2018315619; 18-91
040 ## - CATALOGING SOURCE
Original cataloging agency DKAGE
Language of cataloging eng
Description conventions rda
Transcribing agency DKAGE
Modifying agency OCLCF
-- DLC
082 04 - DEWEY DECIMAL CLASSIFICATION NUMBER
Classification number 709.54123
Edition number 23
100 1# - MAIN ENTRY--PERSONAL NAME
Personal name Lāmā, Jī. Ke.,
Dates associated with a name 1964-
Relator term author.
245 14 - TITLE STATEMENT
Title The art heritage of Nalanda /
Statement of responsibility, etc G.K. Lama.
246 30 - VARYING FORM OF TITLE
Title proper/short title Nalanda
300 ## - PHYSICAL DESCRIPTION
Extent xxi, 134 pages :
Other physical details illustrations (black and white, and color), maps (black and white) ;
Dimensions 29 cm
504 ## - BIBLIOGRAPHY, ETC. NOTE
Bibliography, etc Includes bibliographical references (pages 105-110).
650 #0 - SUBJECT ADDED ENTRY--TOPICAL TERM
Topical term or geographic name as entry element Buddhist sculpture
Geographic subdivision India
-- Nālandā.
650 #0 - SUBJECT ADDED ENTRY--TOPICAL TERM
Topical term or geographic name as entry element Hindu sculpture
Geographic subdivision India
-- Nālandā.
650 #0 - SUBJECT ADDED ENTRY--TOPICAL TERM
Topical term or geographic name as entry element Art, Indic
Geographic subdivision India
-- Nālandā.
650 #0 - SUBJECT ADDED ENTRY--TOPICAL TERM
Topical term or geographic name as entry element Buddhist antiquities
Geographic subdivision India
-- Nālandā.
650 #0 - SUBJECT ADDED ENTRY--TOPICAL TERM
Topical term or geographic name as entry element Hindu antiquities
Geographic subdivision India
-- Nālandā.
650 #7 - SUBJECT ADDED ENTRY--TOPICAL TERM
Topical term or geographic name as entry element Antiquities.
Source of heading or term fast
650 #7 - SUBJECT ADDED ENTRY--TOPICAL TERM
Topical term or geographic name as entry element Art, Indic.
Source of heading or term fast
650 #7 - SUBJECT ADDED ENTRY--TOPICAL TERM
Topical term or geographic name as entry element Buddhist antiquities.
Source of heading or term fast
650 #7 - SUBJECT ADDED ENTRY--TOPICAL TERM
Topical term or geographic name as entry element Buddhist sculpture.
Source of heading or term fast
650 #7 - SUBJECT ADDED ENTRY--TOPICAL TERM
Topical term or geographic name as entry element Hindu antiquities.
Source of heading or term fast
650 #7 - SUBJECT ADDED ENTRY--TOPICAL TERM
Topical term or geographic name as entry element Hindu sculpture.
Source of heading or term fast
651 #0 - SUBJECT ADDED ENTRY--GEOGRAPHIC NAME
Geographic name Nālandā (India)
General subdivision Antiquities.
651 #7 - SUBJECT ADDED ENTRY--GEOGRAPHIC NAME
Geographic name India
Geographic subdivision Nālandā
Source of heading or term fast
906 ## - LOCAL DATA ELEMENT F, LDF (RLIN)
a 7
b cbc
c copycat
d 3
e ncip
f 20
g y-gencatlg
942 ## - ADDED ENTRY ELEMENTS (KOHA)
Source of classification or shelving scheme
955 ## - COPY-LEVEL INFORMATION (RLIN)
Book number/undivided call number, CCAL (RLIN) wd51 2018-11-26 to SELCOM
Copy status, CST (RLIN) wd46 2019-03-06 to CALM
Holdings
Withdrawn status Lost status Source of classification or shelving scheme Damaged status Koha normalized classification for sorting Not for loan Permanent location Current location Date acquired Total Checkouts Full call number Barcode Date last seen Date last borrowed Price effective from Koha item type
        709_541230000000000_LAM   BMS College of Architecture, Design and Planning BMS College of Architecture, Design and Planning 2020-03-16 1 709.54123 LAM AR-UG1378 2024-06-27 2024-06-26 2020-03-16 UG Books
Copyright © 2025, The Librarian, Library and Information Centre, BMSCA D&P, Bengaluru. All Rights Reserved
web counter

Powered by Koha